Gradation list of officers of the excise department, Uttar Pradesh (Record no. 429377)

000 -LEADER
fixed length control field 00315cam a22000977a 4500
008 - FIXED-LENGTH DATA ELEMENTS--GENERAL INFORMATION
fixed length control field 180718b1955 xxu||||| |||| 00| 0 eng d
082 ## - DEWEY DECIMAL CLASSIFICATION NUMBER
Classification number l25009x5421
245 ## - TITLE STATEMENT
Title Gradation list of officers of the excise department, Uttar Pradesh
260 ## - PUBLICATION, DISTRIBUTION, ETC.
Place of publication, distribution, etc. Allahabad
Name of publisher, distributor, etc. Superintendent, Printing and Stationery
Date of publication, distribution, etc. 1955
300 ## - PHYSICAL DESCRIPTION
Extent 27+p.
Holdings
Withdrawn status Lost status Damaged status Not for loan Permanent Location Current Location Date acquired Full call number Barcode Date last seen Price effective from Koha item type
        Indian Institute of Public Administration Indian Institute of Public Administration 2009-12-23 l25009x5421 24270 2018-07-21 2018-07-21 Book

Powered by Koha